Invasive alien species : (Registro nro. 2602)
[ vista simple ]
| 000 -CABECERA | |
|---|---|
| Campo de control | 01074cam a2200265 i 4500 |
| 005 - FECHA Y HORA DE LA ULTIMA TRANSACCION | |
| Campo de control | 20200104041534.0 |
| 008 - ELEMENTOS DE LONGITUD FIJA—INFORMACION GENERAL | |
| Campo de control | 010731s2001 enka b 001 0 eng |
| 020 ## - ISBN | |
| ISBN | 0851995691 |
| 040 ## - FUENTE DE CATALOGACIÓN | |
| Agencia catalogadora original | DLC |
| Agencia transcriptora | DLC |
| Agencia Modificadora | CO-BoIAVH |
| 041 0# - IDIOMA | |
| Código de idioma para texto/pista de sonido o título separado | Inglés |
| 082 04 - NUMERO DE CLASIFICACION DECIMAL DEWEY | |
| Número de clasificación | 363.78 |
| Número del ítem | I62i |
| 245 00 - MENCION DE TITULO | |
| Título | Invasive alien species : |
| Parte restante del título | a toolkit of best prevention and management practices / |
| Mención de responsabilidad | edited by Rüdiger Wittenberg and Matthew J.W. Cock ; Global Invasive Species Programme (GISP). |
| 260 ## - PUBLICACION, DISTRIBUCION, ETC. (PIE DE IMPRENTA) | |
| Lugar de publicación, distribución, etc. | Wallingford, Oxon, UK ; |
| Nombre del editor, distribuidor, etc. | CABI Pub, |
| Fecha de publicación, distribución, etc. | c2001. |
| 300 ## - DESCRIPCION FISICA | |
| Extensión | xii, 228 páginas : |
| Otros detalles físicos | ilustraciones ; |
| Dimensiones | 30 cm. |
| 504 ## - NOTA DE BIBLIOGRAFIA, ETC. | |
| Nota de bibliografía | Incluye referencias bibliográficas e índice. |
| 650 14 - ASIENTO SECUNDARIO DE MATERIA - TERMINO TEMATICO | |
| Término temático o nombre geográfico como elemento de entrada | Plagas naturalizadas |
| Subdivisión general | Control. |
| 9 (RLIN) | 61793 |
| 650 24 - ASIENTO SECUNDARIO DE MATERIA - TERMINO TEMATICO | |
| Término temático o nombre geográfico como elemento de entrada | Especies invasoras |
| 9 (RLIN) | 308 |
| 650 24 - ASIENTO SECUNDARIO DE MATERIA - TERMINO TEMATICO | |
| Término temático o nombre geográfico como elemento de entrada | Plagas |
| Subdivisión general | Control. |
| 9 (RLIN) | 61795 |
| 650 24 - ASIENTO SECUNDARIO DE MATERIA - TERMINO TEMATICO | |
| Término temático o nombre geográfico como elemento de entrada | Política ambiental |
| 9 (RLIN) | 61796 |
| 700 1# - ASIENTO SECUNDARIO - NOMBRE PERSONAL | |
| Nombre personal | Wittenberg, Rüdiger |
| 9 (RLIN) | 16692 |
| 700 1# - ASIENTO SECUNDARIO - NOMBRE PERSONAL | |
| Nombre personal | Cock, Matthew J. W. |
| 9 (RLIN) | 16697 |
| 710 2# - ASIENTO SECUNDARIO - NOMBRE CORPORATIVO | |
| Nombre corporativo o de jurisdicción como elemento de entrada | Global Invasive Species Programme. |
| 9 (RLIN) | 22190 |
| 856 41 - LOCALIZACION Y ACCESO ELECTRONICOS | |
| Especificación de los materiales | Tabla de contenido |
| Identificador Uniforme del Recurso | http://www.loc.gov/catdir/enhancements/fy0612/2001043255-t.html |
| 942 ## - ELEMENTOS ADICIONALES (KOHA) | |
| Sistema de clasificación | Dewey Decimal Classification |
| Tipo de ítem | Libro |
| Withdrawn status | Lost status | Sistema de Clasificación | Damaged status | No para préstamo | Colección | Inventariado | Ubicación Permanente | Ubicación actual | Fecha de adquisición | Fuente de Valor | Valor | Total Checkouts | Número topográfico | Inventario / Código de Barras | Date last seen | Ejemplar | Price effective from | Forma de adquisición | Tipo de material |
|---|---|---|---|---|---|---|---|---|---|---|---|---|---|---|---|---|---|---|---|
| Dewey Decimal Classification | General | Inventariado 2017 | Bogotá | Bogotá | 17/05/2002 | Instituto | 39000.00 | LB-363.78 I62i | 003187 | 04/12/2012 | Ej. 1 | 04/12/2012 | Libro | ||||||
| Local | General | Inventariado 2017 | Bogotá | Bogotá | 20/03/2003 | Franco, Ana María | LB-02411 | 003188 | 04/12/2012 | Ej. 3 | 04/12/2012 | Informe Técnico | |||||||
| Dewey Decimal Classification | General | Inventariado 2017 | Sala Fabio Quevedo | Sala Fabio Quevedo | 20/03/2003 | Instituto | 39000.00 | LB-363.78 I62i | 002693 | 04/12/2012 | Ej. 2 | 04/12/2012 | Donación | Libro |